| 000 | 01159cam a22003377a 4500 | ||
|---|---|---|---|
| 001 | 15131776 | ||
| 003 | OSt | ||
| 005 | 20140310182519.0 | ||
| 008 | 080108s2008 stka bd 001 0 eng | ||
| 010 | _a 2008296016 | ||
| 015 |
_aGBA761766 _2bnb |
||
| 016 | 7 |
_a013810937 _2Uk |
|
| 020 | _a9780443102318 (pbk.) | ||
| 020 | _a0443102317 (pbk.) | ||
| 035 | _a(OCoLC)ocn163616631 | ||
| 040 |
_aUKM _cUKM _dBTCTA _dBWKUK _dYDXCP _dDLC |
||
| 042 | _alccopycat | ||
| 050 | 0 | 0 |
_aRC 78 _b.G976 2008 |
| 082 | 0 | 4 | _a616.0757203 |
| 100 | 1 |
_aChris Gunn. _99296 |
|
| 245 | 1 | 0 |
_aChurchill livingstone pocket radiography and medical imaging dictionary / _cChris Gunn. |
| 246 | 3 | 0 | _aPocket radiography and medical imaging dictionary |
| 260 |
_aEdinburgh ; _aNew York : _bChurchill Livingstone, _cc2008. |
||
| 300 |
_a424 p. : _bill. ; _c19 cm. |
||
| 504 | _aIncludes bibliographical references (p. [407]-408). | ||
| 650 | 0 |
_aRadiography, Medical _vDictionaries. _99297 |
|
| 906 |
_a7 _bcbc _ccopycat _d2 _encip _f20 _gy-gencatlg |
||
| 942 |
_2lcc _cSSLC |
||
| 999 |
_c13998 _d13998 |
||